Fundamentals of quantum information / (Record no. 593273)

000 -LEADER
fixed length control field 01412cam a22003258i 4500
001 - CONTROL NUMBER
control field 21642764
003 - CONTROL NUMBER IDENTIFIER
control field NUST
005 - DATE AND TIME OF LATEST TRANSACTION
control field 20230215134542.0
008 - FIXED-LENGTH DATA ELEMENTS--GENERAL INFORMATION
fixed length control field 200731s2021 nju b 001 0 eng
010 ## - LIBRARY OF CONGRESS CONTROL NUMBER
LC control number 2020034668
020 ## - INTERNATIONAL STANDARD BOOK NUMBER
International Standard Book Number 9789811227219
Qualifying information (hardcover)
020 ## - INTERNATIONAL STANDARD BOOK NUMBER
Canceled/invalid ISBN 9789811227226
Qualifying information (ebook)
020 ## - INTERNATIONAL STANDARD BOOK NUMBER
Canceled/invalid ISBN 9789811227233
Qualifying information (ebook other)
040 ## - CATALOGING SOURCE
Original cataloging agency DLC
Language of cataloging eng
Description conventions rda
Transcribing agency DLC
082 00 - DEWEY DECIMAL CLASSIFICATION NUMBER
Classification number 006.3843,SAG
100 1# - MAIN ENTRY--PERSONAL NAME
Personal name Sagawa, Hiroyuki,
Relator term author.
9 (RLIN) 109054
245 10 - TITLE STATEMENT
Title Fundamentals of quantum information /
Statement of responsibility, etc. Hiroyuki Sagawa, Nobuaki Yoshida,
250 ## - EDITION STATEMENT
Edition statement Extended edition.
263 ## - PROJECTED PUBLICATION DATE
Projected publication date 2010
264 #1 - PRODUCTION, PUBLICATION, DISTRIBUTION, MANUFACTURE, AND COPYRIGHT NOTICE
Place of production, publication, distribution, manufacture New Jersey :
Name of producer, publisher, distributor, manufacturer World Scientific,
Date of production, publication, distribution, manufacture, or copyright notice [2021]
300 ## - PHYSICAL DESCRIPTION
Extent pages cm
336 ## - CONTENT TYPE
Content type term text
Content type code txt
Source rdacontent
337 ## - MEDIA TYPE
Media type term unmediated
Media type code n
Source rdamedia
338 ## - CARRIER TYPE
Carrier type term volume
Carrier type code nc
Source rdacarrier
505 ## - FORMATTED CONTENTS NOTE
Formatted contents note Introduction (Page-1), Mathematical Realization of Quantum Mechanics (Page-7), Basic Concepts of Quantum Mechanics (Page-19), EPR Pair and Measurement (Page-37), Classical Computers (Page-65), Quantum Gates (Page-89), Theory of Information and Communication (Page-107), Quantum Computation (Page-121), Quantum Cryptography (Page-145), Quantum Search Algorithm (Page-169), Physical Devices of Quantum Computers (Page-181), Quantum Annealing (Page-217),
650 #0 - SUBJECT ADDED ENTRY--TOPICAL TERM
Topical term or geographic name entry element Quantum theory.
9 (RLIN) 177
650 #0 - SUBJECT ADDED ENTRY--TOPICAL TERM
Topical term or geographic name entry element Quantum computers.
9 (RLIN) 94623
700 1# - ADDED ENTRY--PERSONAL NAME
Personal name Yoshida, Nobuaki,
Relator term author.
9 (RLIN) 109055
942 ## - ADDED ENTRY ELEMENTS (KOHA)
Source of classification or shelving scheme
Koha item type Book
Holdings
Withdrawn status Lost status Source of classification or shelving scheme Damaged status Not for loan Permanent Location Current Location Shelving location Date acquired Full call number Barcode Date last seen Price effective from Koha item type Public note
          Military College of Signals (MCS) Military College of Signals (MCS) Reference 02/14/2023 006.3843,SAG MCS38721 02/14/2023 02/14/2023 Reference Almirah Fresh No.44, Shelf No.3
© 2023 Central Library, National University of Sciences and Technology. All Rights Reserved.